[Event "COL-chT"]
[Site "Risaralda"]
[Date "2023.11.21"]
[Round "5.4"]
[White "Zabaleta Mora, Luis Angel"]
[Black "Cogollo Perez, Hugo Esteban"]
[Result "0-1"]
[WhiteElo "1951"]
[BlackElo "1918"]
[PlyCount "142"]
[EventDate "2023.11.19"]
[EventType "team-swiss"]
[EventRounds "7"]
[EventCountry "COL"]
[SourceTitle "CB49_2023"]
[SourceDate "2023.12.06"]
[SourceVersion "1"]
[SourceVersionDate "2023.12.06"]
[SourceQuality "1"]
[WhiteTeam "Cordoba"]
[BlackTeam "Sucre"]
[WhiteTeamCountry "COL"]
[BlackTeamCountry "COL"]

1. Nf3 d5 2. b3 c5 3. e3 Bg4 4. Bb5+ Nc6 5. Bb2 e6 6. h3 Bxf3 7. Qxf3 Nf6 8. 0-0 Be7 9. c4 Rc8 10. cxd5 Qxd5 11. Qe2 0-0 12. Rd1 Rfd8 13. Nc3 Qf5 14. Rac1 Nb4 15. d4 cxd4 16. exd4 a6 17. a3 axb5 18. axb4 Bxb4 19. Nxb5 Nd5 20. Rxc8 Rxc8 21. Rc1 Rxc1+ 22. Bxc1 Qb1 23. Qc4 h6 24. Kh2 Be1 25. Nd6 Bxf2 26. Qc8+ Kh7 27. Nxf7 Bxd4 28. Qxe6 Bg1+ 29. Kxg1 Qxc1+ 30. Kh2 Qf4+ 31. g3 Qf2+ 32. Kh1 Qf3+ 33. Kh2 Ne3 34. Qg6+ Kxg6 35. Ne5+ Kf5 36. Nxf3 Ke4 37. Ne1 Kd4 38. Kg1 Kc3 39. Kf2 Nc2 40. Nf3 Kxb3 41. Ne5 b5 42. Kf3 Kc3 43. Ke4 b4 44. Nd3 g6 45. Nc5 Ne1 46. Na4+ Kb3 47. Nc5+ Kc4 48. Na4 b3 49. Nb2+ Kc3 50. Na4+ Kc2 51. Nb6 Nd3 52. h4 Kc3 53. Nd5+ Kd2 54. Nb6 Kc3 55. Nd5+ Kd2 56. Nb6 Nb4 57. g4 Nc6 58. Na4 Kc2 59. Nb6 Na5 60. Na4 Nc4 61. Kd4 Nd2 62. Ke3 Nb1 63. Kd4 Na3 64. Kd5 Nb5 65. Kc4 Nd6+ 66. Kd5 Nb5 67. Kc4 Nc7 68. Kd4 h5 69. gxh5 gxh5 70. Nb6 Nb5+ 71. Kd5 Nc7+ 0-1

[Event "COL-chT Blitz"]
[Site "Santander"]
[Date "2022.09.10"]
[Round "6.3"]
[White "Zabaleta Mora, Luis Angel"]
[Black "Mateus Urbano, Luis Alejandro"]
[Result "0-1"]
[WhiteElo "1509"]
[BlackElo "2211"]
[PlyCount "54"]
[EventDate "2022.09.10"]
[EventType "team-swiss (blitz)"]
[EventRounds "9"]
[EventCountry "COL"]
[SourceTitle "EXT 2023"]
[Source "ChessBase"]
[SourceDate "2022.10.05"]
[SourceVersion "1"]
[SourceVersionDate "2022.10.05"]
[SourceQuality "1"]
[WhiteTeam "Cordoba"]
[BlackTeam "Valle"]
[WhiteTeamCountry "COL"]
[BlackTeamCountry "COL"]

1. e4 d6 2. d4 Nf6 3. Nc3 c6 4. Be3 Nbd7 5. f3 e5 6. Nge2 Be7 7. Qd2 h5 8. h4 b5 9. a3 0-0 10. Ng3 exd4 11. Bxd4 c5 12. Be3 b4 13. axb4 cxb4 14. Nb5 Ne5 15. Rxa7 Rxa7 16. Nxa7 Bd7 17. Be2 Qa5 18. Kf2 Ra8 19. Nf5 Bxf5 20. exf5 Rxa7 21. Bxa7 Qxa7+ 22. Kg3 d5 23. Kh3 Bd6 24. Bd3 Neg4 25. Rf1 Qd4 26. g3 Qe5 27. Qg2 Ne3 0-1

[Event "COL-ch sf"]
[Site "Santa Rosa"]
[Date "2021.08.15"]
[Round "9"]
[White "Zabaleta Mora, Luis Angel"]
[Black "Gallego, Julian Andres"]
[Result "0-1"]
[WhiteElo "1591"]
[BlackElo "2182"]
[PlyCount "66"]
[EventDate "2021.08.11"]
[EventType "swiss"]
[EventRounds "11"]
[EventCountry "COL"]
[SourceTitle "CBM 204 Extra"]
[Source "ChessBase"]
[SourceDate "2021.11.30"]
[SourceVersion "1"]
[SourceVersionDate "2021.11.30"]
[SourceQuality "1"]

1. e4 c5 2. Nf3 e6 3. g3 a6 4. Bg2 b5 5. d4 cxd4 6. Nxd4 Bb7 7. 0-0 Nc6 8. Be3 Qc7 9. Nd2 Nf6 10. Rc1 Ne5 11. Bf4 d6 12. Qe2 Rc8 13. f3 Be7 14. Rfd1 0-0 15. Be3 d5 16. f4 Neg4 17. e5 Nxe3 18. Qxe3 Ng4 19. Qe2 Nh6 20. N2b3 Qb6 21. Kh1 Rc4 22. Qe1 Rfc8 23. a3 Kh8 24. c3 a5 25. h3 b4 26. cxb4 axb4 27. a4 g5 28. Kh2 gxf4 29. gxf4 Rg8 30. Bf1 Nf5 31. a5 Qa7 32. a6 Rxc1 33. Rxc1 Nxd4 0-1

[Event "COL-ch sf"]
[Site "Santa Rosa"]
[Date "2021.08.13"]
[Round "4"]
[White "Toro Castaneda, Miguel Angel"]
[Black "Zabaleta Mora, Luis Angel"]
[Result "0-1"]
[WhiteElo "1991"]
[BlackElo "1591"]
[PlyCount "72"]
[EventDate "2021.08.11"]
[EventType "swiss"]
[EventRounds "11"]
[EventCountry "COL"]
[SourceTitle "CBM 204 Extra"]
[Source "ChessBase"]
[SourceDate "2021.11.30"]
[SourceVersion "1"]
[SourceVersionDate "2021.11.30"]
[SourceQuality "1"]

1. e4 b6 2. d4 Bb7 3. Bd3 e6 4. Nf3 Nf6 5. Nbd2 c5 6. c3 Be7 7. dxc5 bxc5 8. e5 Nd5 9. Ne4 Qc7 10. c4 Nb6 11. b3 f5 12. exf6 gxf6 13. Bb2 Qf4 14. Nfd2 h5 15. g3 Qh6 16. Qf3 Nc6 17. Nxf6+ Kd8 18. Nfe4 Rf8 19. Qe3 Qxe3+ 20. fxe3 d5 21. cxd5 exd5 22. Nf2 Nb4 23. Bb1 Bg5 24. Nd1 d4 25. e4 Kc7 26. a3 Nc6 27. b4 c4 28. b5 Bxd2+ 29. Kxd2 c3+ 30. Nxc3 Nc4+ 31. Kc1 dxc3 32. Bxc3 N6a5 33. Bc2 Rf3 34. Bb4 Nb3+ 35. Bxb3 Rxb3 36. Ra2 Bxe4 0-1

[Event "COL-ch sf"]
[Site "Santa Rosa"]
[Date "2021.08.12"]
[Round "2"]
[White "Soto, Cristian Camilo"]
[Black "Zabaleta Mora, Luis Angel"]
[Result "1-0"]
[WhiteElo "2088"]
[BlackElo "1591"]
[PlyCount "89"]
[EventDate "2021.08.11"]
[EventType "swiss"]
[EventRounds "11"]
[EventCountry "COL"]
[SourceTitle "CBM 204 Extra"]
[Source "ChessBase"]
[SourceDate "2021.11.30"]
[SourceVersion "1"]
[SourceVersionDate "2021.11.30"]
[SourceQuality "1"]

1. c4 c5 2. Nc3 Nc6 3. Nf3 g6 4. d4 cxd4 5. Nxd4 Bg7 6. e3 Nf6 7. Be2 a6 8. 0-0 0-0 9. b3 Nxd4 10. exd4 d5 11. c5 b6 12. cxb6 Qxb6 13. Na4 Qd6 14. Be3 Bd7 15. Nc5 Ne4 16. Rc1 Bb5 17. a4 Bxe2 18. Qxe2 Rab8 19. Qd3 Nxc5 20. Rxc5 Rb4 21. Rfc1 h5 22. Rc6 Qb8 23. Rb1 a5 24. Rc5 Qb6 25. Rxd5 e6 26. Rc5 Rd8 27. d5 exd5 28. Rxd5 Rxd5 29. Qxd5 Bd4 30. Re1 Bxe3 31. Rxe3 Qd4 32. Qxd4 Rxd4 33. g3 Kg7 34. h4 Rd2 35. Kg2 Rb2 36. Kf3 Kf6 37. Rc3 Ke6 38. Ke3 f6 39. f4 Rg2 40. Kd4 Kf5 41. Kc4 Kg4 42. b4 axb4 43. Kxb4 Rb2+ 44. Rb3 Ra2 45. a5 1-0